000 00840nam a2200265Ia 4500
003 OSt
005 20220926011837.0
006 a|||||r|||| 00| 0
007 ta
008 220923b |||||||| |||| 00| 0 eng d
037 _cGeneral Book
040 _aRTL
_cRTL
_beng
041 _2eng
_aeng
082 _aB33, K7
100 _aMikhilin S G
_9315097
245 0 _aApproximate methods for solution of differential a
260 _aNew York
_bAmerican Elsevier
_c1967
300 _ax,308p
_ccm.
490 _aModern Analytic and Computational Methods in Science and Mathematics. Ed by Richard Bellman and R E Kalaba.5
500 _aBibliography: P 300-304
650 _aEquations
700 _a Smolitskiy K L
_9315098
942 _hB33, K7
_cGB
_2CC
999 _c621155
_d621155